| 000 | 00510nam a22001577a 4500 | ||
|---|---|---|---|
| 003 | NUST | ||
| 082 | _a621 | ||
| 100 |
_aAitzaz ,Ali _9122206 |
||
| 245 |
_aSpacer Design for Membrane Distillation Module Using CFD / _cAli Aitzaz |
||
| 264 |
_aIslamabad: _bSMME- NUST. _c2020. |
||
| 300 |
_a48p. ; _bSoft Copy, _c30cm. |
||
| 650 |
_aMS Mechanical Engineering _9119495 |
||
| 700 |
_aSupervisor : Dr. Zaib Ali _9119496 |
||
| 856 | _uhttp://10.250.8.41:8080/xmlui/handle/123456789/13151 | ||
| 942 |
_2ddc _cTHE |
||
| 999 |
_c608743 _d608743 |
||